Terheléses kardiológiai vizsgálómódszerek ischaemiás szívbetegségben

Elmentve itt :
Bibliográfiai részletek
Szerzők: Balogh Ildikó
Forster Tamás
Jánosi András
Szilvási István
Dokumentumtípus: Könyv része
Megjelent: Medition Kiadó Budapest 2009
Sorozat:Útmutató. Klinikai Irányelvek Kézikönyve : Kardiológia III
Tárgyszavak:
mtmt:2288775
Online Access:http://publicatio.bibl.u-szeged.hu/30340
LEADER 00817naa a2200229 i 4500
001 publ30340
005 20240607110048.0
008 240607s2009 hu o 000 hun d
024 7 |a 2288775  |2 mtmt 
040 |a SZTE Publicatio Repozitórium  |b hun 
041 |a hun 
100 1 |a Balogh Ildikó 
245 1 0 |a Terheléses kardiológiai vizsgálómódszerek ischaemiás szívbetegségben  |h [elektronikus dokumentum] /  |c  Balogh Ildikó 
260 |a Medition Kiadó  |b Budapest  |c 2009 
300 |a 28 
300 |a 8-35 
490 0 |a Útmutató. Klinikai Irányelvek Kézikönyve : Kardiológia III 
650 4 |a Klinikai orvostan 
700 0 1 |a Forster Tamás  |e aut 
700 0 1 |a Jánosi András  |e aut 
700 0 1 |a Szilvási István  |e aut 
856 4 0 |u http://publicatio.bibl.u-szeged.hu/30340/1/aok_klny_848_09.pdf  |z Dokumentum-elérés